000 00705nam a2200265Ia 4500
005 20260302114705.0
008 008 260114s9999 xx 000 0 eng d
020 _a9789356408944
037 _aTextbook
040 _aCRL
040 _beng
040 _cCRL
041 _2eng
041 _aeng
084 _qCRL
100 _aMargaret L. Pachuau; Anjali Daimari
_91119460
245 0 _aInterpreting Literature from Northeast India
260 _bBloomsbury
260 _bBloomsbury India
260 _c2024
650 _aLiterary Studies
856 _uhttps://doi.org/10.5040/9789356408944?locatt=label:secondary_bloomsburyCollections
942 _cEBOOK
999 _c1683498
_d1683498